Political ideals of Plato / (Record no. 123262)

MARC details
000 -LEADER
fixed length control field 00794nam a22002657a 4500
005 - DATE AND TIME OF LATEST TRANSACTION
control field 20170124105922.0
010 ## - LIBRARY OF CONGRESS CONTROL NUMBER
LC control number 404855
020 ## - INTERNATIONAL STANDARD BOOK NUMBER
Terms of availability 00.00
035 ## - SYSTEM CONTROL NUMBER
System control number 404855
037 ## - SOURCE OF ACQUISITION
Source of stock number/acquisition Cen Lib/Ret
040 ## - CATALOGING SOURCE
Original cataloging agency DPL
Language of cataloging EN
082 ## - DEWEY DECIMAL CLASSIFICATION NUMBER
Classification number 320.1
100 ## - MAIN ENTRY--PERSONAL NAME
Personal name Plato,
9 (RLIN) 5080
245 ## - TITLE STATEMENT
Title Political ideals of Plato /
Statement of responsibility, etc by Plato
260 ## - PUBLICATION, DISTRIBUTION, ETC. (IMPRINT)
Place of publication, distribution, etc Ahamdabad
Name of publisher, distributor, etc Navjivan publishing house
Date of publication, distribution, etc 1997
270 ## - ADDRESS
Address Ahamdabad
City Ahamdabad
300 ## - PHYSICAL DESCRIPTION
Extent 127p.
Dimensions 20cm(Hb)
500 ## - GENERAL NOTE
General note Includes bibliography reference and index
650 ## - SUBJECT ADDED ENTRY--TOPICAL TERM
Topical term or geographic name as entry element Political science
9 (RLIN) 5081
650 ## - SUBJECT ADDED ENTRY--TOPICAL TERM
Topical term or geographic name as entry element Idealistic faith
9 (RLIN) 5082
650 ## - SUBJECT ADDED ENTRY--TOPICAL TERM
Topical term or geographic name as entry element राजनीति विज्ञान
9 (RLIN) 442
650 ## - SUBJECT ADDED ENTRY--TOPICAL TERM
Topical term or geographic name as entry element आदर्शवादी विश्वास
9 (RLIN) 5083
700 ## - ADDED ENTRY--PERSONAL NAME
9 (RLIN) 4771
942 ## - ADDED ENTRY ELEMENTS (KOHA)
Source of classification or shelving scheme Dewey Decimal Classification
Koha item type English Books
Classification part 320.1
Call number suffix PLA
Holdings
Withdrawn status Lost status Damaged status Not for loan Home library Current library Date acquired Source of acquisition Cost, normal purchase price Total Checkouts Total Renewals Full call number Barcode Date last seen Date checked out Copy number Cost, replacement price Price effective from Koha item type
        Central Library Central Library 04/06/2015 Cen Lib/Ret 0.00 3 2 320.1 PLA 404855 31/10/2022 30/09/2022 1 0.00 04/06/2015 English Books

© Delhi Public Library
Hit Counter
free hit counter